Online Catalogue and eLibrary

The medical profession in Sri Lanka, 1843-1980 / (Record no. 327)

MARC details
000 -LEADER
fixed length control field 00530cam a2200193 a 4500
001 - CONTROL NUMBER
control field 12573179
005 - DATE AND TIME OF LATEST TRANSACTION
control field 20240208005524.0
008 - FIXED-LENGTH DATA ELEMENTS--GENERAL INFORMATION
fixed length control field 010813s2001 ce b 001 0 eng
020 ## - INTERNATIONAL STANDARD BOOK NUMBER
ISBN 9559170384
040 ## - CATALOGING SOURCE (பட்டியலாக்க மூலம்)
Original cataloging agency DLC
Transcribing agency DLC
Modifying agency DLC
082 00 - DDC Classification
Class No. 306.461
DDC Edition Number 21
Item Number - Author Mark KAM.
100 1# - MAIN ENTRY--PERSONAL NAME
Personal name Pieris, Kamalika.
245 14 - TITLE STATEMENT
Title The medical profession in Sri Lanka, 1843-1980 /
Statement of responsibility, etc. Kamalika Pieris.
250 ## - EDITION STATEMENT
Edition statement 1st ed.
260 ## - PUBLICATION, DISTRIBUTION, ETC.
Place of publication, distribution, etc. Boralesgamuwa, Sri Lanka :
Name of publisher, distributor, etc. Visidunu Prakashakayo,
Date of publication, distribution, etc. 2001.
300 ## - PHYSICAL DESCRIPTION
Extent (e.g. Volumes, Pages etc.) 198 p. ;
650 #0 - SUBJECT ADDED ENTRY--TOPICAL TERM
Topical term or geographic name entry element Physicians
942 ## - Koha item type (Biblio)
Koha item type Books in Stacks (Lending)
Holdings
Lost status Damaged status Collection code Home library Current library Date acquired Full call number Accession Number Item type
    Lending WERC Library WERC Library 02/08/2024 306.461 KAM. 6390 Books in Stacks (Lending)

© WERC Library